<?xml version="1.0" encoding="UTF-8"?>
<record
    xmlns:xsi="http://www.w3.org/2001/XMLSchema-instance"
    xsi:schemaLocation="http://www.loc.gov/MARC21/slim http://www.loc.gov/standards/marcxml/schema/MARC21slim.xsd"
    xmlns="http://www.loc.gov/MARC21/slim">

  <leader>02294cam a22003015a 4500</leader>
  <controlfield tag="001">17881892</controlfield>
  <controlfield tag="005">20180128104100.0</controlfield>
  <controlfield tag="008">130910t2015    paua   frb    001 0 eng d</controlfield>
  <datafield tag="020" ind1=" " ind2=" ">
    <subfield code="a">1469855712</subfield>
  </datafield>
  <datafield tag="020" ind1=" " ind2=" ">
    <subfield code="a">9781469855714</subfield>
  </datafield>
  <datafield tag="040" ind1=" " ind2=" ">
    <subfield code="a">DNLM/DLC</subfield>
    <subfield code="b">eng</subfield>
    <subfield code="c">DLC</subfield>
    <subfield code="d">EG-ScBUE</subfield>
    <subfield code="d">EG-ScBUE</subfield>
  </datafield>
  <datafield tag="082" ind1="0" ind2="4">
    <subfield code="a">362.173068</subfield>
    <subfield code="b">MAR</subfield>
    <subfield code="2">22</subfield>
  </datafield>
  <datafield tag="100" ind1="1" ind2=" ">
    <subfield code="a">Marquis, Bessie L.</subfield>
    <subfield code="9">38730</subfield>
  </datafield>
  <datafield tag="245" ind1="1" ind2="0">
    <subfield code="a">Leadership roles and management functions in nursing :</subfield>
    <subfield code="b">theory and application /</subfield>
    <subfield code="c">Bessie L. Marquis, Carol J. Huston.</subfield>
  </datafield>
  <datafield tag="250" ind1=" " ind2=" ">
    <subfield code="a">8th ed., Interneational ed.</subfield>
  </datafield>
  <datafield tag="260" ind1=" " ind2=" ">
    <subfield code="a">Philadelphia :</subfield>
    <subfield code="b">Wolters Kluwer Health / Lippincott Williams &amp; Wilkins, </subfield>
    <subfield code="c">c.2015.</subfield>
  </datafield>
  <datafield tag="300" ind1=" " ind2=" ">
    <subfield code="a">xxiv, 655 p. :</subfield>
    <subfield code="b">ill. (col.) ;</subfield>
    <subfield code="c">26 cm.</subfield>
  </datafield>
  <datafield tag="500" ind1=" " ind2=" ">
    <subfield code="a">Index : p. 637-655.</subfield>
  </datafield>
  <datafield tag="500" ind1=" " ind2=" ">
    <subfield code="a">Visit "http://thepoint.lwww.com/activate" for resoures for students and instructors.</subfield>
  </datafield>
  <datafield tag="504" ind1=" " ind2=" ">
    <subfield code="a">Includes bibliographical references.</subfield>
  </datafield>
  <datafield tag="505" ind1="0" ind2=" ">
    <subfield code="a">Decision making, problem solving, critical thinking, and clinical reasoning : requisites for successful leadership and management -- Classical views of leadership and management -- Twenty-first century thinking about leadership and management -- Ethical issues -- Legal and legislative issues -- Patient, subordinate, and professional advocacy -- Strategic and operational planning -- Planned change -- Time management -- Fiscal planning -- Career development : from new graduate to retirement -- Organizational structure -- Organizational, political, and personal power -- Organizing patient care -- Employee recruitment, selection, placement, and indoctrination -- Socializing and educating staff for team building in a learning organization -- Staffing needs and scheduling policies -- Creating a motivating climate -- Organizational, interpersonal, and group communication -- Delegation -- Effective conflict resolution and negotiation -- Collective bargaining, unionization, and employment laws -- Quality control -- Performance appraisal -- Problem employees : rule breakers, marginal employees, and the chemically or psychologically impaired.</subfield>
  </datafield>
  <datafield tag="650" ind1=" " ind2="7">
    <subfield code="a">Nursing services</subfield>
    <subfield code="x">Administration.</subfield>
    <subfield code="2">BUEsh</subfield>
    <subfield code="9">32499</subfield>
  </datafield>
  <datafield tag="651" ind1=" " ind2=" ">
    <subfield code="2">BUEsh</subfield>
  </datafield>
  <datafield tag="653" ind1=" " ind2=" ">
    <subfield code="b">NNUR</subfield>
    <subfield code="c">July2015</subfield>
    <subfield code="c">November2015</subfield>
    <subfield code="c">December2015</subfield>
    <subfield code="c">January2016</subfield>
    <subfield code="c">May2016</subfield>
  </datafield>
  <datafield tag="655" ind1=" " ind2=" ">
    <subfield code="v">Text book</subfield>
    <subfield code="9">33728</subfield>
  </datafield>
  <datafield tag="700" ind1="1" ind2=" ">
    <subfield code="a">Huston, Carol Jorgensen.</subfield>
  </datafield>
  <datafield tag="942" ind1=" " ind2=" ">
    <subfield code="2">ddc</subfield>
  </datafield>
  <datafield tag="999" ind1=" " ind2=" ">
    <subfield code="c">20198</subfield>
    <subfield code="d">20170</subfield>
  </datafield>
  <datafield tag="952" ind1=" " ind2=" ">
    <subfield code="0">0</subfield>
    <subfield code="1">0</subfield>
    <subfield code="2">ddc</subfield>
    <subfield code="4">0</subfield>
    <subfield code="7">0</subfield>
    <subfield code="8">Baccah</subfield>
    <subfield code="a">MAIN</subfield>
    <subfield code="b">MAIN</subfield>
    <subfield code="c">1ST</subfield>
    <subfield code="d">2015-07-05</subfield>
    <subfield code="e">Purchase</subfield>
    <subfield code="g">366.00</subfield>
    <subfield code="h">22353</subfield>
    <subfield code="l">12</subfield>
    <subfield code="m">87</subfield>
    <subfield code="o">362.173068 MAR</subfield>
    <subfield code="p">000039405</subfield>
    <subfield code="r">2025-07-15 00:00:00</subfield>
    <subfield code="s">2021-11-04</subfield>
    <subfield code="v">458.00</subfield>
    <subfield code="y">BB</subfield>
  </datafield>
  <datafield tag="952" ind1=" " ind2=" ">
    <subfield code="0">0</subfield>
    <subfield code="1">0</subfield>
    <subfield code="2">ddc</subfield>
    <subfield code="4">0</subfield>
    <subfield code="7">0</subfield>
    <subfield code="8">Baccah</subfield>
    <subfield code="a">MAIN</subfield>
    <subfield code="b">MAIN</subfield>
    <subfield code="c">1ST</subfield>
    <subfield code="d">2015-08-18</subfield>
    <subfield code="e">Purchase</subfield>
    <subfield code="g">323.00</subfield>
    <subfield code="h">21764</subfield>
    <subfield code="l">11</subfield>
    <subfield code="m">72</subfield>
    <subfield code="o">362.173068 MAR</subfield>
    <subfield code="p">000039794</subfield>
    <subfield code="r">2025-07-15 00:00:00</subfield>
    <subfield code="s">2021-11-28</subfield>
    <subfield code="v">404.00</subfield>
    <subfield code="y">BB</subfield>
  </datafield>
  <datafield tag="952" ind1=" " ind2=" ">
    <subfield code="0">0</subfield>
    <subfield code="1">0</subfield>
    <subfield code="2">ddc</subfield>
    <subfield code="4">0</subfield>
    <subfield code="7">0</subfield>
    <subfield code="8">Baccah</subfield>
    <subfield code="a">MAIN</subfield>
    <subfield code="b">MAIN</subfield>
    <subfield code="c">1ST</subfield>
    <subfield code="d">2015-08-18</subfield>
    <subfield code="e">Purchase</subfield>
    <subfield code="g">323.00</subfield>
    <subfield code="h">21764</subfield>
    <subfield code="l">10</subfield>
    <subfield code="m">85</subfield>
    <subfield code="o">362.173068 MAR</subfield>
    <subfield code="p">000039793</subfield>
    <subfield code="r">2025-07-15 00:00:00</subfield>
    <subfield code="s">2020-01-11</subfield>
    <subfield code="v">404.00</subfield>
    <subfield code="y">BB</subfield>
  </datafield>
  <datafield tag="952" ind1=" " ind2=" ">
    <subfield code="0">0</subfield>
    <subfield code="1">0</subfield>
    <subfield code="2">ddc</subfield>
    <subfield code="4">0</subfield>
    <subfield code="7">0</subfield>
    <subfield code="8">Alahram</subfield>
    <subfield code="a">MAIN</subfield>
    <subfield code="b">MAIN</subfield>
    <subfield code="c">1ST</subfield>
    <subfield code="d">2016-05-10</subfield>
    <subfield code="e">Purchase</subfield>
    <subfield code="g">459.00</subfield>
    <subfield code="l">10</subfield>
    <subfield code="m">61</subfield>
    <subfield code="o">362.173068 MAR</subfield>
    <subfield code="p">000032465</subfield>
    <subfield code="r">2025-07-15 00:00:00</subfield>
    <subfield code="s">2021-11-21</subfield>
    <subfield code="v">573.75</subfield>
    <subfield code="y">BB</subfield>
  </datafield>
</record>
